LEADER 01687nam0 22002891i 450 001 SUN0028983 005 20050228120000.0 010 $a88-324-3831-3 020 $aIT$b2001 4740 100 $a20041129d2000 |0itac50 ba 101 $aita 102 $aIT 105 $a|||| ||||| 200 1 $aCapitolato speciale tipo per opere edili e bioedilizia$eaggiornato con decreto 19 aprile 2000, n. 145 Capitolato generale d'appalto dei lavori pubblici$eredatto in base alla Direttiva del Consiglio CEE del 21 dicembre 1988, relativa al ravvicinamento delle disposizioni legislative regolamentari e amministrative degli Stati membri concernenti i prodotti da costruzione (C 89/106/CEE)$ecomprendente le singole voci di capitolato descrittive delle varie lavorazioni e le leggi aggiornate in materia di appalti e sicurezza sul lavoro$econ riferimento ai Sistemi Qualitą ISO-9000 ed alle disposizioni del Consiglio Superiore dei Lavori Pubblici$fStefano Bruno 205 $a2. ed 210 $dMilano : Il Sole 24 Ore$d2000 215 $aXVI, 233 p.$d24 cm$e1 CD-ROM. 620 $dMilano$3SUNL000284 676 $a344.450669$v21 700 1$aBruno$b, Stefano$3SUNV015241$024881 712 $aIl sole 24 ore$3SUNV001053$4650 801 $aIT$bSOL$c20181109$gRICA 912 $aSUN0028983 950 $aBIBLIOTECA DEL DIPARTIMENTO DI ARCHITETTURA E DISEGNO INDUSTRIALE$d01 PREST IID41 $e01 28943 995 $aBIBLIOTECA DEL DIPARTIMENTO DI ARCHITETTURA E DISEGNO INDUSTRIALE$bIT-CE0107$h28943$kPREST IID41$op$qa 996 $aCapitolato speciale tipo per opere edili e bioedilizia$979270 997 $aUNICAMPANIA LEADER 01539nam--2200469---450- 001 990002737470203316 005 20090716163443.0 010 $a88-15-10878-5 035 $a000273747 035 $aUSA01000273747 035 $a(ALEPH)000273747USA01 035 $a000273747 100 $a20060419d2006----km-y0itay0103----ba 101 $aita 102 $aIT 105 $a||||||||001yy 200 1 $a<> autonomia privata e le autoritą indipendenti$ela metamorfosi del contratto$fa cura di Gregorio Gitti 210 $aBologna$cIl Mulino$d2006 215 $a232 p.$d22 cm 225 2 $aPrismi 300 $aIn cop. : Nuovi itinerari di diritto privato 410 0$12001$aPrismi 606 0 $aAutonomie private 606 0 $aAutoritą indipendenti 606 0 $aContratti$xLegislazione 676 $a346.4502 702 1$aGITTI,$bGregorio 801 0$aIT$bsalbc$gISBD 912 $a990002737470203316 951 $aXXV.1.H 348 (IG I 2381)$b50275 G.$cXXV.1.H 348 (IG I)$d00130225 951 $aXXV.1.H 348a (IG I 2381)$b17270 EC.$cXXV.1.H 348a (IG I)$d00183696 951 $aXXV.1.H 348b (IG I 2381)$b17269 G.$cXXV.1.H 348b (IG I)$d00183701 951 $aA4 500$b6359 DIRCE 959 $aBK 969 $aGIU 969 $aDIRCE 979 $aRENATO$b90$c20060419$lUSA01$h1116 979 $aDIRCE$b90$c20080904$lUSA01$h1054 979 $aFIORELLA$b90$c20081203$lUSA01$h1107 979 $aRSIAV1$b90$c20090716$lUSA01$h1634 996 $aAutonomia privata e le autoritą indipendenti$967137 997 $aUNISA